Countries with Portuguese as an Official Language - Sudden Death - Statistics

General Stats
  • This quiz has been taken 69 times
  • The average score is 8 of 9
Answers on the Grid
Answers color-coded by a green-red scale on the quiz's grid according to % correct below.
Haiti
Mauritania
Dominica
Angola
Brazil
Guyana
São Tomé and Príncipe
Mexico
Cape Verde
Indonesia
Trinidad and Tobago
South Africa
Guinea-Bissau
Suriname
East Timor
Guinea
Equatorial Guinea
Lebanon
Uzbekistan
Mozambique
Bahrain
Portugal
Guyana
Peru
 
Answer Stats
Answer % Correct
Brazil
100%
Angola
88%
Cape Verde
88%
East Timor
88%
Mozambique
88%
Portugal
88%
São Tomé and Príncipe
88%
Equatorial Guinea
75%
Guinea-Bissau
75%
No matching quizzes found
Score Distribution
Percent of People with Each Score
Percentile by Number Answered
Your Score History
You have not taken this quiz